Geogrid #1 - Statistics

General Stats
  • This quiz has been taken 10 times
  • The average score is 7 of 9
Answer Stats
Answer % Correct
Belgium, Portugal... +
100%
Japan, Australia... +
100%
Vatican City, Liechtenstein... +
100%
Israel, Azerbaijan
89%
Sweden, Ukraine... +
89%
Germany, Russia... +
78%
Nauru, Tuvalu... +
78%
Austria, Switzerland... +
56%
Saint Kitts and Nevis
33%
No matching quizzes found
Score Distribution
Percent of People with Each Score
Percentile by Number Answered
Your Score History
You have not taken this quiz